000 00607nam a2200217Ia 4500
001 12222
003 GE_BSU
008 181216s||||||||xx |||||||||||||| ||und||
020 _a100789011069
040 _cGE_BSU
080 _a338.48+796.5
100 _aMckercher,Bob; Cros,Hilary du.
245 _aCultural Tourism.The Partnership Between Tourism and Cultural Heritage Mangament.
260 _aNew York.
260 _c2002
300 _a262p;23cm.
300 _bill.
541 _h147ლ.
653 _aCultural Tourism.The Partnership Between Tourism and Cultural Heritage Mangament.
942 _cBK
999 _c45398
_d45398